MARKTING ,SALES CUSTOMER SERVICES (Record no. 32239)

MARC details
000 -LEADER
fixed length control field 00419nam a22001697a 4500
003 - CONTROL NUMBER IDENTIFIER
control field OSt
005 - DATE AND TIME OF LATEST TRANSACTION
control field 20220308082405.0
008 - FIXED-LENGTH DATA ELEMENTS--GENERAL INFORMATION
fixed length control field 220308b |||||||| |||| 00| 0 eng d
020 ## - INTERNATIONAL STANDARD BOOK NUMBER
International Standard Book Number 8174731482
040 ## - CATALOGING SOURCE
Transcribing agency H U
082 ## - DEWEY DECIMAL CLASSIFICATION NUMBER
Classification number 658.81
100 ## - MAIN ENTRY--PERSONAL NAME
Personal name WATRINS, CHARIEY
9 (RLIN) 32225
245 ## - TITLE STATEMENT
Title MARKTING ,SALES CUSTOMER SERVICES
260 ## - PUBLICATION, DISTRIBUTION, ETC.
Place of publication, distribution, etc. INDIAN
Name of publisher, distributor, etc. A .I.T.B.S. PUBLISHERS
Date of publication, distribution, etc. 2006
300 ## - PHYSICAL DESCRIPTION
Extent 348
942 ## - ADDED ENTRY ELEMENTS (KOHA)
Source of classification or shelving scheme Dewey Decimal Classification
Koha item type Books like text book referance book
Suppress in OPAC No
Holdings
Withdrawn status Lost status Source of classification or shelving scheme Damaged status Not for loan Home library Current library Shelving location Date acquired Total Checkouts Full call number Barcode Date last seen Copy number Price effective from Koha item type
    Dewey Decimal Classification     College of Business and Economics Library College of Business and Economics Library General Stacks 03/08/2022   658.81/WAT MBELIB00006760 03/08/2022 1 03/08/2022 Books like text book referance book
    Dewey Decimal Classification     College of Business and Economics Library College of Business and Economics Library General Stacks 03/08/2022   658.81/WAT MBELIB00006758 03/08/2022 2 03/08/2022 Books like text book referance book
    Dewey Decimal Classification     College of Business and Economics Library College of Business and Economics Library General Stacks 03/08/2022   658.81/WAT MBELIB00006759 03/08/2022 3 03/08/2022 Books like text book referance book